00255nam a2200109Ia 4500008004100000100001900041245001000060250000900070260003900079300000900118650001800127191201s2019 xx 000 0 und d aSINGH, Sarina  0aIndia a10th aN.DelhibLonely Planet Publication a1087 aGeneral Books